000
00316nam a2200121Ia 4500
999
_c
10883
_d
10883
008
191201s2007 xx 000 0 und d
100
_a
TYAGI, Anita
245
0
_a
Garment Construction
260
_a
New Delhi
_b
Sonali
_c
2019
300
_a
232
650
_a
Bachelor of Fashion and Apparel Design
942
_2
ddc
_c
BK
_0
4